00642nam a2200217 a 450000100060000000300080000600500170001400800410003102000210007203500200009304000350011304100080014808200270015610000170018324500490020026000490024930000280029850400380032665000240036465100360038859156BD-RjUL20211209080711.0161221r19921989enka 001 0 eng d a0415045312 (pbk) a(BD-RjUL) 59280 aBD-RjULbengcBD-RjULdBD-RjUL aeng a306.0952223bHEU 19921 aHendry, Joy.10aUnderstanding Japanese society /cJoy Hendry aLondon :bRoutledge,cc1987 [Reprinted 1992] a218 p. :bill. ;c23 cm aIncludes bibliographies and index aManners and customs 0aJapanxSocial conditionsy1945-